| 000 | 00672nam a2200277 a 4500 | ||
|---|---|---|---|
| 003 | AR-BaBNM | ||
| 005 | 20251128204431.0 | ||
| 008 | 082120s2002 ||||||||||||||000 | spa|| | ||
| 020 | _a950-13-9029-2 | ||
| 040 | _cAR-BaBNM | ||
| 100 | 1 | _aLuchner, A. | |
| 245 | 0 | 0 | _aMosaicos de cristal |
| 260 |
_aBuenos Aires _bKapelusz _c1972 |
||
| 300 |
_a88 p. _bil., láms. |
||
| 490 | 0 | _aCómo hacer | |
| 650 | 4 | _aARTE | |
| 650 | 4 | _aARTESANIAS | |
| 650 | 4 | _aEDUCACION ARTISTICA | |
| 650 | 4 | _aMOSAICOS | |
| 653 | _aMANUALIDADES | ||
| 700 | 1 | _aSchott, O. | |
| 700 | 1 | _aZechlin, Katharina | |
| 700 | 1 |
_aThomas, Juan Jorge _etraductor |
|
| 942 | _cBK | ||
| 998 | _cEnrique | ||
| 999 |
_c7412 _d7412 |
||